000 011300000a22001210004500
100 1 _aComellas, María.
245 1 0 _aConvivir es mas que vivir con...o al lado de
300 _ano.44 (may. - jun., 2010),p, 78-82
520 _aEste artículo expone la linea de investigación que se lleva a cabo en los centros educativos siguiendo la metodologia de investigación acción participativa con los equipos docentes de los centros participantes. Este análisis liderado por el equipo de investigación permitirá su interpretación y valoración asi como formular objetivos que deben guiar las acciones educativas para fortalecer la convivencia y prevenir la violencia. Durante el proceso se potenciarán las interpretaciones cualitativas y causales de los hechos con los equipos profesionales implicados y se establecerán discusiones que deben posibilitar la toma de decisiones sobre las acciones que deben incidir en la realidad donde ocurren los hechos con la participación de los agentes que la lideran.
650 1 4 _aEDUCACION - ASPECTOS SOCIALES
773 0 _tRevista internacional magisterio : educación y ped
942 _cANA
999 _c63010
_d63010